| 000 | 00656nmm a2200241 a 4500 | ||
|---|---|---|---|
| 003 | AR-BaBNM | ||
| 005 | 20251128211415.0 | ||
| 008 | 194020s2004 ||||||||||||||000 | spa|| | ||
| 020 | _a987-43-7015-7 | ||
| 040 | _cAR-BaBNM | ||
| 100 | 1 | _aRoss, Nancy | |
| 245 | 1 | 0 | _aUno, dos, tres... "El arte de contar" |
| 260 |
_aBuenos Aires _bEl autor _c2004 |
||
| 300 | 0 |
_a194 p. _bil., gráfs. |
|
| 500 | 0 | _aContiene referencias bibliográficas p. 185-192 | |
| 650 | 4 | _aENSENANZA DE LAS MATEMATICAS | |
| 650 | 4 | _aARITMETICA | |
| 650 | 4 | _aCONCEPTOS MATEMATICOS | |
| 650 | 4 | _aNUMEROS | |
| 653 | _aESTRATEGIAS DIDACTICAS | ||
| 942 | _cBK | ||
| 998 | _craquel | ||
| 999 |
_c19556 _d19556 |
||